| 000 | 00606nam a2200217Ia 4500 | ||
|---|---|---|---|
| 008 | 101110s9999 xx 000 0 und d | ||
| 041 | _aENGLISH | ||
| 082 | _bSR26043 | ||
| 100 | _aZarapkar S.S., Pawar A.A., Ghantwal S.R., Patil Sadesh & others | ||
| 245 | _aConcepts in organic chemistry (SYBSc) | ||
| 260 |
_c2004 _bChetana Publ., Mumbai |
||
| 300 | _a186 | ||
| 365 | _b75 | ||
| 520 | _aChemistry | ||
| 546 | _aENGLISH | ||
| 630 | _aConcepts in organic chemistry (SYBSc) | ||
| 650 | _aChemistry | ||
| 655 | _aChemistry | ||
| 730 | _aConcepts in organic chemistry (SYBSc) | ||
| 942 | _cBOOK | ||
| 999 |
_c818649 _d818646 |
||